| 000 | 00756na a2200217 4500 | ||
|---|---|---|---|
| 001 | 21160 | ||
| 003 | MIRAKIL | ||
| 005 | 20181213155053.0 | ||
| 008 | 170207b tu 000 0 | ||
| 040 |
_aMilas _btur _cTR-AnCHP |
||
| 041 | _atur | ||
| 082 |
_a351.7223 _bB27i 2009 |
||
| 090 | _a351.7223 B27i 2009 | ||
| 110 | _aBasın- Yayın ve Enformasyon Genel Müdürlüğü | ||
| 245 |
_a2009 yılı bütçe kanun tasarısı _cT.C. Başbakanlık |
||
| 260 |
_aAnkara _bBasın- Yayın ve Enformasyon Genel Müdürlüğü _c2009 |
||
| 300 |
_ayaklaşık 40 s. _btbl. _c20 sm. |
||
| 610 |
_aBasın- Yayın ve Enformasyon _xBütçe tasarısı _y2009 |
||
| 710 | _aT.C. Başbakanlık Basın- Yayın ve Enformasyon Genel Müdürlüğü | ||
| 942 |
_2ddc _cBKS |
||
| 999 |
_c6000 _d6000 |
||